Introduction to thermodynamics of Materials, 4/e (Record no. 268126)
[ view plain ]
| 000 -LEADER | |
|---|---|
| fixed length control field | 00332 a2200133 4500 |
| 001 - CONTROL NUMBER | |
| control field | 33053 |
| 082 ## - DEWEY DECIMAL CLASSIFICATION NUMBER | |
| Classification number | 620.11296 GAS |
| 090 ## - LOCALLY ASSIGNED LC-TYPE CALL NUMBER (OCLC); LOCAL CALL NUMBER (RLIN) | |
| -- | 22183 |
| -- | 22183 |
| 100 ## - MAIN ENTRY--PERSONAL NAME | |
| Personal name | Gaskell,D.R |
| 245 ## - TITLE STATEMENT | |
| Title | Introduction to thermodynamics of Materials, 4/e |
| 250 ## - EDITION STATEMENT | |
| Edition statement | 4 |
| 260 ## - PUBLICATION, DISTRIBUTION, ETC. | |
| Place of publication, distribution, etc. | NY |
| Name of publisher, distributor, etc. | Taylor & Francis Group |
| Date of publication, distribution, etc. | 2003 |
| 300 ## - PHYSICAL DESCRIPTION | |
| Extent | xiii, 618 p. |
| 942 ## - ADDED ENTRY ELEMENTS (KOHA) | |
| Institution code [OBSOLETE] | NUST-CAE |
| Call number prefix | 620.11296 GAS |
| Withdrawn status | Lost status | Damaged status | Not for loan | Collection code | Permanent Location | Current Location | Date acquired | Total Checkouts | Full call number | Barcode | Date last seen | Price effective from | Koha item type |
|---|---|---|---|---|---|---|---|---|---|---|---|---|---|
| College of Aeronautical Engineering (CAE) | College of Aeronautical Engineering (CAE) | 04/03/2017 | 620.11296 GAS | CAEN-2364 | 04/05/2017 | 04/05/2017 | Book |
